Carbon black effects on flexing fatigue crack growth in rubber compounds (Record no. 55105)

MARC details
000 -LEADER
fixed length control field 00454nam a2200145Ia 4500
100 ## - MAIN ENTRY--AUTHOR NAME
Personal name Chung B
245 #0 - TITLE STATEMENT
Title Carbon black effects on flexing fatigue crack growth in rubber compounds
260 ## - PUBLICATION, DISTRIBUTION, ETC. (IMPRINT)
Name of publisher In: Proceedings of the International Rubber Conference, Kobe, 1995, p472-475
650 ## - SUBJECT ADDED ENTRY--TOPICAL TERM
Topical Term Carbon black
650 ## - SUBJECT ADDED ENTRY--TOPICAL TERM
Topical Term Crack growth rate
650 ## - SUBJECT ADDED ENTRY--TOPICAL TERM
Topical Term Rubber compounds
700 ## - ADDED ENTRY--PERSONAL NAME
Personal name Tokita N
942 ## - ADDED ENTRY ELEMENTS (KOHA)
Koha item type Journals
Holdings
Withdrawn status Lost status Damaged status Not for loan Home library Current library Shelving location Date acquired Koha item type
      Journals RRII Library RRII Library Rubber chemistry 17/12/2021 Journals